Mystery Taylor Swift Song #73 - Statistics

General Stats
  • This quiz has been taken 389 times
  • The average score is 104 of 146
Answer Stats
Song % Correct
a
97%
I
96%
the
94%
(you
93%
you
93%
me?
92%
me
92%
to
92%
We
92%
my
91%
and
90%
in
90%
it
90%
be
89%
folklore
88%
when
88%
(when
88%
on
87%
your
87%
are
86%
go
86%
not
86%
hear
85%
at
84%
I'm
84%
can
83%
did
83%
tears
83%
wear
83%
But
82%
If
82%
have
81%
just
81%
of
81%
so
81%
you're
81%
As
80%
how
80%
ricochet
80%
too
80%
want
80%
was
80%
what
80%
why
80%
with
80%
that
79%
didn't
78%
for
78%
Look
78%
this
78%
All
76%
Cause
75%
grace
75%
loved
75%
myself
75%
name
75%
same
75%
still
75%
day
74%
home
74%
know
74%
stayed
74%
can't
73%
Cursing
73%
dead
73%
gave
73%
wishing
73%
would
73%
had
72%
my tears ricochet
72%
anywhere
71%
never
71%
night
71%
wake?
71%
worst
71%
up
70%
will
70%
you'll
70%
I'd
69%
talk
69%
tell
69%
made
68%
miss
68%
sleep
68%
Even
67%
here
67%
kill
67%
Some
67%
dying
66%
make
66%
babe
65%
blood
65%
bones
65%
deserve
65%
fire
65%
killed
65%
stolen
65%
Til
65%
around
64%
ashes
64%
face
64%
heart
64%
hell
64%
saving
64%
screaming
64%
sky)
64%
gather
63%
hero
63%
haunt
62%
ring
62%
room
62%
brave
61%
fears
61%
fight
61%
lullabies)
61%
out
61%
swear
61%
diamond
60%
flying
60%
into
60%
jewels
60%
knowing
60%
mean
60%
scene
60%
throw
60%
used
60%
ghostly
59%
stones
59%
bury
58%
they'll
58%
line
57%
sink
57%
sunlit
57%
waves
57%
beneath
56%
drunk
54%
turned
54%
battleships
53%
good
52%
aim
50%
years
50%
tossing
49%
pain
46%
blame
44%
Weepin'
43%
Crossing
35%
No matching quizzes found
Score Distribution
Percent of People with Each Score
Percentile by Number Answered
Your Score History
You have not taken this quiz